<?xml version="1.0" encoding="UTF-8"?>
<record
    xmlns:xsi="http://www.w3.org/2001/XMLSchema-instance"
    xsi:schemaLocation="http://www.loc.gov/MARC21/slim http://www.loc.gov/standards/marcxml/schema/MARC21slim.xsd"
    xmlns="http://www.loc.gov/MARC21/slim">

  <leader>02049nam a2200301Ia 4500</leader>
  <controlfield tag="003">OSt</controlfield>
  <controlfield tag="005">20210520132746.0</controlfield>
  <controlfield tag="008">210310s2014    mx     fr     001 0 spa d</controlfield>
  <datafield tag="020" ind1=" " ind2=" ">
    <subfield code="a">9786071616524</subfield>
  </datafield>
  <datafield tag="040" ind1=" " ind2=" ">
    <subfield code="a">CO-JMCR</subfield>
    <subfield code="c">CO-JMCR</subfield>
  </datafield>
  <datafield tag="041" ind1="1" ind2=" ">
    <subfield code="a">spa</subfield>
    <subfield code="h">ger</subfield>
  </datafield>
  <datafield tag="082" ind1="0" ind2="4">
    <subfield code="a">335.412 /</subfield>
    <subfield code="b">M392c1</subfield>
    <subfield code="2">23</subfield>
  </datafield>
  <datafield tag="100" ind1="1" ind2=" ">
    <subfield code="a">Marx, Carlos, </subfield>
    <subfield code="9">6329</subfield>
    <subfield code="e">autor</subfield>
  </datafield>
  <datafield tag="245" ind1="1" ind2="3">
    <subfield code="a">El capital : </subfield>
    <subfield code="b">cr&#xED;tica de la econom&#xED;a pol&#xED;tica : el proceso de producci&#xF3;n del capital / </subfield>
    <subfield code="c">Carlos Marx ; nueva versi&#xF3;n del alem&#xE1;n, Wenceslao Roces ; estudio introductorio, Ignacio Perrotini ; pr&#xF3;logo, integraci&#xF3;n del manuscrito y cuidado de la edici&#xF3;n, Ricardo Campa</subfield>
  </datafield>
  <datafield tag="260" ind1=" " ind2=" ">
    <subfield code="a">M&#xE9;xico : </subfield>
    <subfield code="b">Fondo de Cultura Econ&#xF3;mica, </subfield>
    <subfield code="c">2014</subfield>
  </datafield>
  <datafield tag="300" ind1=" " ind2=" ">
    <subfield code="a">lviii, 1016 p&#xE1;ginas ; </subfield>
    <subfield code="c">23 cm.</subfield>
  </datafield>
  <datafield tag="490" ind1="0" ind2=" ">
    <subfield code="a">Econom&#xED;a</subfield>
  </datafield>
  <datafield tag="500" ind1=" " ind2=" ">
    <subfield code="a">Incluye notas a pie de p&#xE1;gina e &#xED;ndice bibliogr&#xE1;fico, biogr&#xE1;fico y de materias.
T&#xED;tulo original: Das Kapital. Kritik der politischen &#xD6;konomie</subfield>
  </datafield>
  <datafield tag="505" ind1="0" ind2=" ">
    <subfield code="a">El capital -- El proceso de producci&#xF3;n del capital -- Mercanc&#xED;a y dinero -- La transformaci&#xF3;n del dinero en capital -- La producci&#xF3;n de la plusval&#xED;a absoluta -- La producci&#xF3;n de la plusval&#xED;a relativa -- La producci&#xF3;n de la plusval&#xED;a absoluta y relativa -- El salario -- El proceso de acumulaci&#xF3;n del capital </subfield>
  </datafield>
  <datafield tag="520" ind1="3" ind2=" ">
    <subfield code="a">Pocos libros han sido le&#xED;dos y discutidos con tanta pasi&#xF3;n como El capital. Desde que vio la luz p&#xFA;blica su primer tomo, en 1867, fue censurado y elogiado pr&#xE1;cticamente en todo el mundo y sigue siendo causa de debate hasta nuestros d&#xED;as. La pol&#xE9;mica radica, debe decirse, en el contexto social y las interpretaciones hist&#xF3;ricas de que ha sido objeto, pues desde hace tiempo figura como un cl&#xE1;sico de la materia y como tema fundamental para la investigaci&#xF3;n econ&#xF3;mica.</subfield>
  </datafield>
  <datafield tag="546" ind1=" " ind2=" ">
    <subfield code="a">Traducido del alem&#xE1;n.</subfield>
  </datafield>
  <datafield tag="650" ind1="1" ind2="4">
    <subfield code="a">Capital</subfield>
    <subfield code="9">15607</subfield>
  </datafield>
  <datafield tag="650" ind1="2" ind2="4">
    <subfield code="a">Econom&#xED;a social</subfield>
    <subfield code="9">4222</subfield>
  </datafield>
  <datafield tag="700" ind1="1" ind2=" ">
    <subfield code="a">Roces, Wenceslao, </subfield>
    <subfield code="e">traductor</subfield>
    <subfield code="9">6231</subfield>
  </datafield>
  <datafield tag="700" ind1="1" ind2=" ">
    <subfield code="a">Perrotini, Ignacio, </subfield>
    <subfield code="e">estudio introductorio</subfield>
    <subfield code="9">37719</subfield>
  </datafield>
  <datafield tag="700" ind1="1" ind2=" ">
    <subfield code="a">Campa, Ricardo, </subfield>
    <subfield code="e">prologuista</subfield>
    <subfield code="9">37720</subfield>
  </datafield>
  <datafield tag="942" ind1=" " ind2=" ">
    <subfield code="2">ddc</subfield>
    <subfield code="c">BK</subfield>
  </datafield>
  <datafield tag="999" ind1=" " ind2=" ">
    <subfield code="c">7842</subfield>
    <subfield code="d">7842</subfield>
  </datafield>
  <datafield tag="952" ind1=" " ind2=" ">
    <subfield code="0">0</subfield>
    <subfield code="1">0</subfield>
    <subfield code="2">ddc</subfield>
    <subfield code="4">0</subfield>
    <subfield code="7">0</subfield>
    <subfield code="8">NFIC</subfield>
    <subfield code="a">CPL</subfield>
    <subfield code="b">CPL</subfield>
    <subfield code="d">2018-04-15</subfield>
    <subfield code="e">Donaci&#xF3;n</subfield>
    <subfield code="l">3</subfield>
    <subfield code="o">335.412 / M392c1</subfield>
    <subfield code="p">430003765</subfield>
    <subfield code="r">2026-03-05 08:51:26</subfield>
    <subfield code="s">2026-03-05</subfield>
    <subfield code="t">V.1 / Ej.1</subfield>
    <subfield code="y">BK</subfield>
  </datafield>
</record>
